The new international Webster's comprehensive dictionary of the English language (Record no. 36054)

MARC details
000 -LEADER
fixed length control field 00512nam a2200181Ia 4500
020 ## - INTERNATIONAL STANDARD BOOK NUMBER
ISBN 9781600815447
050 ## - CALL MARK
Classification number PE 1628 .N42733/
245 #4 - TITLE STATEMENT
Title The new international Webster's comprehensive dictionary of the English language
250 ## - EDITION / VOLUME STATEMENT
Edition / Volume statement deluxe encyclopedic edition
260 ## - PUBLICATION, DISTRIBUTION, ETC. (IMPRINT)
Place of publication Naples, FL.
260 ## - PUBLICATION, DISTRIBUTION, ETC. (IMPRINT)
Name of publisher Trident Press
260 ## - PUBLICATION, DISTRIBUTION, ETC. (IMPRINT)
Year of publication 2013
300 ## - PHYSICAL DESCRIPTION
Number of Pages 1674 p
650 ## - SUBJECT ADDED ENTRY--TOPICAL TERM
Topical Term ENGLISH LANGUAGE - DICTIONARIES
942 ## - ADDED ENTRY ELEMENTS (KOHA)
Koha item type Books
Holdings
Withdrawn status Lost status Source of classification or shelving scheme Damaged status Not for loan Permanent Location Current Location Shelving location Date acquired Accession Number Price effective from Koha item type
    Library of Congress Classification     NILE UNIVERSITY OF NIGERIA - MAIN LIBRARY NILE UNIVERSITY OF NIGERIA - MAIN LIBRARY Items on shelf 04/23/2025 0184721 04/23/2025 Books